MARC

LEADER 00000nam0a2200000 4500
001 174595
005 20231031164851.0
035 |a (RuTPU)RU\TPU\book\189326 
090 |a 174595 
100 |a 20100130d1969 m y0rusy50 ca 
101 0 |a rus 
102 |a RU 
105 |a a j 001zy 
200 1 |a Примеры и задачи по факультативному курсу "Теория колебаний"  |e пособие для студентов заочного, вечернего и дневного факультетов  |f Р. Ф. Громова, Р. А. Кенис  |g Куйбышевский инженерно-строительный институт им. А. И. Микояна, Кафедра теоретической и строительной механики 
210 |a Куйбышев  |c Изд-во Куйбышевского инж.-строительного ин-та  |d 1969 
215 |a 56 с.  |c ил. 
320 |a Библиогр.: с. 57. 
610 1 |a колебания 
610 1 |a учебные пособия 
610 1 |a системы с двумя степенями свободы 
610 1 |a системы с одной степенью свободы 
675 |a 534.01(076)  |v 3 
700 1 |a Громова  |b Р. Ф. 
701 1 |a Кенис  |b Р. А. 
712 0 2 |a Куйбышевский инженерно-строительный институт им. А. И. Микояна  |b Кафедра теоретической и строительной механики  |2 stltpush  |3 (RuTPU)RU\TPU\col\13864 
801 1 |a RU  |b 63413507  |c 20100130 
801 2 |a RU  |b 63413507  |c 20101101  |g RCR 
942 |c BK